[Event "Navarra-ch"]
[Site "Pamplona"]
[Date "2014.05.03"]
[Round "4"]
[White "Galvan Perez Ilzarbe, Alejandro"]
[Black "Otano Villanueva, Joseba"]
[Result "1-0"]
[WhiteElo "1549"]
[BlackElo "1713"]
[PlyCount "97"]
[EventDate "2014.03.29"]
[EventType "swiss"]
[EventRounds "8"]
[EventCountry "ESP"]
[SourceTitle "EXT 2016"]
[Source "ChessBase"]
[SourceDate "2015.10.08"]
[SourceVersion "1"]
[SourceVersionDate "2015.10.08"]
[SourceQuality "1"]

1. e4 d5 2. exd5 Qxd5 3. Nc3 Qa5 4. Bc4 c6 5. d3 Nf6 6. Bd2 Qc7 7. Qe2 Bf5 8. h3 e6 9. g4 Bg6 10. f4 Be7 11. Nf3 Nd5 12. Bxd5 cxd5 13. f5 exf5 14. Nxd5 Qg3+ 15. Kd1 Qd6 16. Bb4 Qd7 17. Qxe7+ Qxe7 18. Nxe7 fxg4 19. hxg4 Na6 20. Nxg6 fxg6 21. Bc3 0-0 22. Ne5 Rf2 23. Re1 Rc8 24. Bd2 Rg2 25. c3 Rf8 26. Re2 Rg1+ 27. Be1 Rff1 28. Kd2 h5 29. Nxg6 Rxg4 30. Ne7+ Kh7 31. Rc1 Rgg1 32. Rf2 g5 33. Rxf1 Rxf1 34. Bg3 Rf7 35. Re1 h4 36. Bd6 Kh6 37. b4 b6 38. b5 Nc5 39. Bxc5 bxc5 40. a4 Kh5 41. a5 h3 42. b6 axb6 43. axb6 g4 44. b7 Rf2+ 45. Kc1 g3 46. b8Q g2 47. Qe5+ Kh6 48. Qe6+ Kg7 49. Qg6+ 1-0